<?xml version="1.0" encoding="UTF-8"?>
<record
    xmlns:xsi="http://www.w3.org/2001/XMLSchema-instance"
    xsi:schemaLocation="http://www.loc.gov/MARC21/slim http://www.loc.gov/standards/marcxml/schema/MARC21slim.xsd"
    xmlns="http://www.loc.gov/MARC21/slim">

  <leader>01163nam a2200217Ia 4500</leader>
  <controlfield tag="003">OSt</controlfield>
  <controlfield tag="005">20250612120900.0</controlfield>
  <controlfield tag="008">210210b1986   xxu||||| |||| 00| 0 eng d</controlfield>
  <datafield tag="040" ind1=" " ind2=" ">
    <subfield code="c">AL</subfield>
  </datafield>
  <datafield tag="041" ind1=" " ind2=" ">
    <subfield code="a">Kannada</subfield>
  </datafield>
  <datafield tag="082" ind1=" " ind2=" ">
    <subfield code="a">K894.1 KESH</subfield>
  </datafield>
  <datafield tag="100" ind1=" " ind2=" ">
    <subfield code="a">KESHAVA BHATTA (T)</subfield>
    <subfield code="d">&#xC9F;&#xCBF;.&#xC95;&#xCC7;&#xCB6;&#xCB5; &#xCAD;&#xC9F;&#xCCD;&#xC9F;</subfield>
    <subfield code="9">214566</subfield>
  </datafield>
  <datafield tag="245" ind1=" " ind2=" ">
    <subfield code="a">Havyakara shobhanegalu</subfield>
    <subfield code="b">&#xCB9;&#xCB5;&#xCCD;&#xCAF;&#xC95;&#xCB0; &#xCB6;&#xCCB;&#xCAD;&#xCBE;&#xCA8;&#xCC6;&#xC97;&#xCB3;&#xCC1;</subfield>
  </datafield>
  <datafield tag="260" ind1=" " ind2=" ">
    <subfield code="a">Bengaluru</subfield>
    <subfield code="b">Chira Sahitya Prakashana</subfield>
    <subfield code="c">1986</subfield>
  </datafield>
  <datafield tag="300" ind1=" " ind2=" ">
    <subfield code="a">736</subfield>
  </datafield>
  <datafield tag="520" ind1=" " ind2=" ">
    <subfield code="a">'&#xCB9;&#xCB5;&#xCCD;&#xCAF;&#xC95;&#xCB0; &#xCB6;&#xCCB;&#xCAD;&#xCBE;&#xCA8;&#xCC6;&#xC97;&#xCB3;&#xCC1;' &#xC8E;&#xC82;&#xCAC;&#xCC1;&#xCA6;&#xCC1; &#xC9F;&#xCBF;.&#xC95;&#xCC7;&#xCB6;&#xCB5; &#xCAD;&#xC9F;&#xCCD;&#xC9F; &#xC85;&#xCB5;&#xCB0; &#xCB8;&#xC82;&#xCAA;&#xCBE;&#xCA6;&#xC95;&#xCA4;&#xCCD;&#xCB5;&#xCA6;&#xCB2;&#xCCD;&#xCB2;&#xCBF; &#xCAC;&#xC82;&#xCA6;&#xCBF;&#xCB0;&#xCC1;&#xCB5; &#xC95;&#xCC3;&#xCA4;&#xCBF;. &#xCB8;&#xCCB;&#xCAC;&#xCBE;&#xCA8;&#xCC6; &#xCAA;&#xCA6;&#xC97;&#xCB3; &#xCB8;&#xC82;&#xC97;&#xCCD;&#xCB0;&#xCB9;. &#xCB9;&#xCB5;&#xCCD;&#xCAF;&#xC95;&#xCB0; &#xCB8;&#xCCB;&#xCAC;&#xCBE;&#xCA8;&#xCC6; &#xCB9;&#xCBE;&#xCA1;&#xCC1;&#xC97;&#xCB3;&#xCBF;&#xC97;&#xCC6; &#xC92;&#xC82;&#xCA6;&#xCC1; &#xCB5;&#xCBF;&#xCB6;&#xCBF;&#xCB7;&#xCCD;&#xC9F; &#xCB8;&#xCCD;&#xCA5;&#xCBE;&#xCA8;&#xCB5;&#xCBF;&#xCA6;&#xCC6;. &#xC85;&#xCB5;&#xCC1;&#xC97;&#xCB3;&#xCB2;&#xCCD;&#xCB2;&#xCBF; &#xCAC;&#xCB9;&#xCB3;&#xCB7;&#xCCD;&#xC9F;&#xCC1; &#xC87;&#xCB2;&#xCCD;&#xCB2;&#xCBF; &#xCB8;&#xCBF;&#xC97;&#xCC1;&#xCB5;&#xC82;&#xCA4;&#xCC6; &#xCB8;&#xC82;&#xC97;&#xCCD;&#xCB0;&#xCB9;&#xCBF;&#xCB8;&#xCBF;&#xCB0;&#xCC1;&#xCB5;&#xCC1;&#xCA6;&#xCC1; &#xC88; &#xC95;&#xCC3;&#xCA4;&#xCBF;&#xCAF; &#xCB9;&#xCC6;&#xC97;&#xCCD;&#xC97;&#xCB3;&#xCBF;&#xC95;&#xCC6;. </subfield>
  </datafield>
  <datafield tag="650" ind1=" " ind2=" ">
    <subfield code="a">Shobhanegalu</subfield>
    <subfield code="9">214567</subfield>
  </datafield>
  <datafield tag="690" ind1=" " ind2=" ">
    <subfield code="a">Kannada Poetry</subfield>
    <subfield code="9">214568</subfield>
  </datafield>
  <datafield tag="906" ind1=" " ind2=" ">
    <subfield code="a">040533</subfield>
  </datafield>
  <datafield tag="942" ind1=" " ind2=" ">
    <subfield code="2">ddc</subfield>
    <subfield code="c">BK</subfield>
  </datafield>
  <datafield tag="999" ind1=" " ind2=" ">
    <subfield code="c">90622</subfield>
    <subfield code="d">90622</subfield>
  </datafield>
  <datafield tag="952" ind1=" " ind2=" ">
    <subfield code="0">0</subfield>
    <subfield code="1">0</subfield>
    <subfield code="2">ddc</subfield>
    <subfield code="4">0</subfield>
    <subfield code="7">0</subfield>
    <subfield code="8">KAN</subfield>
    <subfield code="a">AL</subfield>
    <subfield code="b">AL</subfield>
    <subfield code="c">Kannada Literature</subfield>
    <subfield code="d">2021-02-17</subfield>
    <subfield code="g">125.00</subfield>
    <subfield code="l">0</subfield>
    <subfield code="o">K894.1 KESH</subfield>
    <subfield code="p">040533</subfield>
    <subfield code="r">2021-02-17 00:00:00</subfield>
    <subfield code="w">2021-02-17</subfield>
    <subfield code="y">BK</subfield>
  </datafield>
</record>
